[Event "Dubai op-A 25th"]
[Site "Dubai"]
[Date "2025.06.01"]
[Round "6"]
[White "Muthaiah, Al"]
[Black "Garayev, Kanan Farzali Oglu"]
[Result "1-0"]
[WhiteElo "2487"]
[BlackElo "2336"]
[PlyCount "114"]
[EventDate "2025.05.27"]
[EventType "swiss"]
[EventRounds "9"]
[EventCountry "UAE"]
[SourceTitle "CB23_2025"]
[SourceDate "2025.06.04"]
[SourceVersion "1"]
[SourceVersionDate "2025.06.04"]
[SourceQuality "1"]

1. d4 d5 2. c4 e6 3. Nc3 Nf6 4. cxd5 exd5 5. Bg5 Bb4 6. e3 h6 7. Bxf6 Qxf6 8. Qb3 Nc6 9. Qxd5 Be6 10. Qf3 Qg6 11. Bb5 Bg4 12. Qg3 0-0 13. Nge2 Bd6 14. Nf4 Qf5 15. h3 Bh5 16. Bd3 Qxd3 17. Nxd3 Bxg3 18. fxg3 Rfe8 19. Nf4 Bg6 20. Nxg6 fxg6 21. Kd2 Rad8 22. g4 Ne5 23. b3 c5 24. d5 Nf7 25. a4 Nd6 26. Kd3 b6 27. e4 Nxe4 28. Rhe1 Nxc3 29. Rxe8+ Rxe8 30. Kxc3 Re4 31. a5 b5 32. Rd1 Kf7 33. d6 b4+ 34. Kc2 Ke8 35. Rd5 Kd7 36. Kd3 Rf4 37. Rxc5 Kxd6 38. Rc4 Rf2 39. Rxb4 Kc6 40. a6 Ra2 41. Rb7 Rxa6 42. Rxg7 Kd5 43. b4 g5 44. Rh7 Ra3+ 45. Ke2 Kc4 46. Rxh6 Kxb4 47. Rh5 Ra5 48. h4 Ra2+ 49. Kf3 Ra3+ 50. Kf2 gxh4 51. g5 Ra5 52. Rxh4+ Kc5 53. g6 Kd6 54. Rg4 Rf5+ 55. Kg3 Rf8 56. g7 Rg8 57. Kh4 Kd5 1-0

[Event "Dubai op-A 25th"]
[Site "Dubai"]
[Date "2025.05.29"]
[Round "3"]
[White "Garayev, Kanan Farzali Oglu"]
[Black "Dau, Khuong Duy"]
[Result "0-1"]
[WhiteElo "2336"]
[BlackElo "2423"]
[PlyCount "70"]
[EventDate "2025.05.27"]
[EventType "swiss"]
[EventRounds "9"]
[EventCountry "UAE"]
[SourceTitle "CB23_2025"]
[SourceDate "2025.06.04"]
[SourceVersion "1"]
[SourceVersionDate "2025.06.04"]
[SourceQuality "1"]

1. e4 c5 2. Nf3 d6 3. Bb5+ Nd7 4. 0-0 a6 5. Bxd7+ Bxd7 6. c3 Nf6 7. Re1 e6 8. d4 Be7 9. e5 dxe5 10. dxe5 Nd5 11. c4 Nb6 12. Qe2 Bc6 13. Nc3 Qc7 14. Ne4 Rd8 15. Bd2 Nc8 16. h4 Bxh4 17. Nxh4 Bxe4 18. Qxe4 Rxd2 19. Nf3 Rxb2 20. Rad1 Ne7 21. Rd3 Ng6 22. Red1 0-0 23. Rd7 Qc6 24. Qxc6 bxc6 25. Rc7 Rc2 26. Rd6 Rxc4 27. Rdxc6 Ra4 28. Rxc5 Rxa2 29. Ra7 h6 30. Rc6 Re2 31. Rc5 Nf4 32. Rd7 g5 33. Ra5 Rb8 34. Rd2 g4 35. Rd4 g3 0-1

[Event "Dubai op-A 25th"]
[Site "Dubai"]
[Date "2025.05.28"]
[Round "2"]
[White "Vivaan, Vishal Shah"]
[Black "Garayev, Kanan Farzali Oglu"]
[Result "1/2-1/2"]
[WhiteElo "2410"]
[BlackElo "2336"]
[PlyCount "152"]
[EventDate "2025.05.27"]
[EventType "swiss"]
[EventRounds "9"]
[EventCountry "UAE"]
[SourceTitle "CB23_2025"]
[SourceDate "2025.06.04"]
[SourceVersion "1"]
[SourceVersionDate "2025.06.04"]
[SourceQuality "1"]

1. e4 c5 2. Nf3 e6 3. d4 cxd4 4. Nxd4 Nf6 5. Nc3 Nc6 6. a3 d6 7. Be2 Be7 8. Be3 0-0 9. Qd2 e5 10. Nb3 Nxe4 11. Nxe4 d5 12. Bf3 dxe4 13. Bxe4 Qxd2+ 14. Bxd2 Be6 15. Bc3 Rac8 16. 0-0-0 f5 17. Bd5 Bxd5 18. Rxd5 Rfd8 19. Rb5 Rd7 20. Rd1 Bg5+ 21. Bd2 Rcd8 22. c3 a6 23. Rc5 Be7 24. Rc4 Nb8 25. Ra4 b5 26. Ra5 Re8 27. c4 Bd8 28. c5 Bxa5 29. Nxa5 Red8 30. Kc2 Kf7 31. f3 Ke6 32. Nb3 Nc6 33. Re1 Rd3 34. Bc3 R3d5 35. Nc1 g5 36. b4 h5 37. Ne2 f4 38. h4 Kf5 39. hxg5 h4 40. Rh1 Kxg5 41. Be1 Rh8 42. Nc3 Rd4 43. Bf2 Rc4 44. Kb2 h3 45. Rxh3 Rxh3 46. gxh3 Nd4 47. Ne4+ Kg6 48. h4 Nxf3 49. Nd6 Nd2 50. Nxc4 Nxc4+ 51. Kc3 Kf5 52. c6 Ke6 53. Bc5 e4 54. h5 e3 55. h6 e2 56. Bf2 Ne5 57. h7 Nf7 58. Kd2 f3 59. Ke3 Kd6 60. Bh4 Kxc6 61. Kxf3 e1Q 62. Bxe1 Ng5+ 63. Ke3 Nxh7 64. Kd3 Kd5 65. Kc3 Nf6 66. Kb3 Ne4 67. a4 Kd4 68. axb5 axb5 69. Bh4 Nd2+ 70. Kc2 Nf3 71. Be7 Kc4 72. Kb2 Nd4 73. Bf8 Nc6 74. Ka3 Kc3 75. Bg7+ Kc2 76. Bf8 Nxb4 1/2-1/2

[Event "Baku op-A"]
[Site "Baku"]
[Date "2025.05.05"]
[Round "8"]
[White "Garayev, Kanan Farzali Oglu"]
[Black "Aliyev, Ravan"]
[Result "0-1"]
[WhiteElo "2336"]
[BlackElo "2393"]
[PlyCount "142"]
[EventDate "2025.04.28"]
[EventType "swiss"]
[EventRounds "9"]
[EventCountry "AZE"]
[SourceTitle "CB19_2025"]
[SourceDate "2025.05.07"]
[SourceVersion "1"]
[SourceVersionDate "2025.05.07"]
[SourceQuality "1"]

1. d4 Nf6 2. c4 e6 3. Nc3 Bb4 4. Qc2 d5 5. a3 Bxc3+ 6. Qxc3 0-0 7. Bg5 dxc4 8. Qxc4 b6 9. Rd1 Ba6 10. Qa4 h6 11. Bh4 Qe8 12. Qxe8 Rxe8 13. Bxf6 gxf6 14. h4 Nd7 15. b4 Red8 16. Rh3 c5 17. dxc5 bxc5 18. Rc3 cxb4 19. axb4 Nb6 20. Ra1 Nd5 21. Rb3 Bc4 22. Rb2 Rab8 23. Rab1 Rb6 24. Nf3 Rdb8 25. Nd2 Ba6 26. e4 Bxf1 27. Kxf1 Rxb4 28. Rxb4 Nxb4 29. Ra1 a6 30. Nc4 Rc8 31. Nb6 Rc2 32. Ra3 Kf8 33. f3 Rc6 34. Na4 Rc1+ 35. Kf2 Rc2+ 36. Kg3 Ra2 37. Rxa2 Nxa2 38. Kg4 Nb4 39. Nc5 a5 40. Kh5 Kg7 41. g4 Na2 42. Na4 Nc1 43. g5 hxg5 44. hxg5 f5 45. exf5 exf5 46. Nc5 Ne2 47. Kh4 Kg6 48. Nd3 a4 49. Ne5+ Kg7 50. Nc4 Nd4 51. Kg3 Kg6 52. f4 Nc2 53. Ne5+ Kh5 54. Nd3 a3 55. Nc1 Nb4 56. Nb3 a2 57. Na1 Nc6 58. Nb3 Nd4 59. Na1 Ne2+ 60. Kf3 Nc3 61. Kg3 Ne4+ 62. Kh3 Nc5 63. Kg3 Ne6 64. Nb3 Kg6 65. Na1 Kg7 66. Kf3 Kf8 67. Ke3 Ke7 68. Kd3 Nxf4+ 69. Kc3 Nd5+ 70. Kd4 Kd6 71. Nb3 Nc7 0-1

[Event "Baku op-A"]
[Site "Baku"]
[Date "2025.05.03"]
[Round "6"]
[White "Garayev, Kanan Farzali Oglu"]
[Black "Aswath, S."]
[Result "1/2-1/2"]
[WhiteElo "2336"]
[BlackElo "2515"]
[PlyCount "162"]
[EventDate "2025.04.28"]
[EventType "swiss"]
[EventRounds "9"]
[EventCountry "AZE"]
[SourceTitle "CB19_2025"]
[SourceDate "2025.05.07"]
[SourceVersion "1"]
[SourceVersionDate "2025.05.07"]
[SourceQuality "1"]

1. d4 d5 2. c4 e6 3. Nc3 Nf6 4. cxd5 exd5 5. Bg5 Bb4 6. e3 h6 7. Bh4 g5 8. Bg3 Ne4 9. a3 Bxc3+ 10. bxc3 Nc6 11. f3 Nxg3 12. hxg3 Qd6 13. Kf2 Be6 14. Bb5 0-0-0 15. Qa4 Bd7 16. c4 dxc4 17. Qxc4 f5 18. Ne2 a6 19. Bxc6 Bxc6 20. Rhc1 Rhe8 21. Qd3 Qf6 22. Rc5 Rd5 23. Rac1 Qe6 24. R1c3 Kd8 25. Qc2 Qd7 26. Rxd5 Bxd5 27. Nc1 Qe6 28. Qd2 Bc4 29. Nd3 Bxd3 30. Qxd3 f4 31. gxf4 gxf4 32. e4 Kc8 33. Qc4 Qd7 34. Qc5 Kb8 35. Kf1 Rd8 36. Qe5 Qxd4 37. Qxd4 Rxd4 38. g3 fxg3 39. Kg2 Kc8 40. Kxg3 Kd7 41. Kf4 b5 42. Kf5 a5 43. f4 b4 44. axb4 axb4 45. Rg3 c5 46. e5 c4 47. e6+ Kd6 48. Rg8 Ke7 49. Ke5 Rd1 50. Rg7+ Kd8 51. Kf6 c3 52. Rb7 Re1 53. Rb8+ Kc7 54. Rxb4 c2 55. Rc4+ Kd6 56. Rxc2 Rxe6+ 57. Kf7 Re7+ 58. Kg6 Re4 59. f5 Rg4+ 60. Kf6 Kd7 61. Kf7 Kd6 62. f6 h5 63. Rd2+ Ke5 64. Rh2 h4 65. Ra2 Rb4 66. Ra5+ Kf4 67. Kg6 h3 68. f7 Rb6+ 69. Kg7 Rb7 70. Ra3 Kg4 71. Kg8 Rxf7 72. Kxf7 h2 73. Ra1 Kg3 74. Kf6 Kg2 75. Kg5 h1Q 76. Rxh1 Kxh1 77. Kf6 Kg2 78. Ke7 Kf1 79. Kd7 Ke2 80. Kc8 Kd1 81. Kc7 Kd2 1/2-1/2

[Event "Titled Tuesday intern op 11th Mar Early"]
[Site "Chess.com INT"]
[Date "2025.03.11"]
[Round "9"]
[White "Anandh, Vijay Srinivas"]
[Black "Garayev, Kanan Farzali Oglu"]
[Result "1-0"]
[WhiteElo "2046"]
[BlackElo "2336"]
[PlyCount "49"]
[EventDate "2025.03.11"]
[EventType "swiss (blitz)"]
[EventRounds "11"]
[EventCountry "USA"]
[SourceTitle "CB12_2025"]
[SourceDate "2025.03.19"]
[SourceVersion "1"]
[SourceVersionDate "2025.03.19"]
[SourceQuality "1"]

1. e4 c5 2. d4 cxd4 3. Qxd4 Nc6 4. Qd3 e6 5. Nc3 Nf6 6. Bf4 d6 7. 0-0-0 e5 8. Bg5 Be7 9. Bxf6 gxf6 10. Nd5 Be6 11. Kb1 Rc8 12. c3 0-0 13. g3 a6 14. h4 b5 15. Bh3 Na5 16. Ne2 Nc4 17. b3 Nb6 18. Nxe7+ Qxe7 19. Qxd6 Qb7 20. Bxe6 fxe6 21. Qxe6+ Kh8 22. f3 Rc6 23. Rd6 Rxd6 24. Qxd6 Nc8 25. Qxf8# 1-0

[Event "Titled Tuesday intern op 11th Mar Early"]
[Site "Chess.com INT"]
[Date "2025.03.11"]
[Round "8"]
[White "Garayev, Kanan Farzali Oglu"]
[Black "Pham, Le Thao Nguyen"]
[Result "0-1"]
[WhiteElo "2336"]
[BlackElo "2388"]
[PlyCount "60"]
[EventDate "2025.03.11"]
[EventType "swiss (blitz)"]
[EventRounds "11"]
[EventCountry "USA"]
[SourceTitle "CB12_2025"]
[SourceDate "2025.03.19"]
[SourceVersion "1"]
[SourceVersionDate "2025.03.19"]
[SourceQuality "1"]

1. e4 c6 2. Nf3 d5 3. e5 Bg4 4. c4 e6 5. Be2 dxc4 6. 0-0 Nd7 7. d4 cxd3 8. Qxd3 Bxf3 9. Qxf3 Nxe5 10. Qc3 Nd7 11. Rd1 Ngf6 12. Bf3 Be7 13. Nd2 0-0 14. Ne4 Nd5 15. Qc2 N7f6 16. Bd2 Qc7 17. g3 Rfd8 18. Rac1 Qb6 19. Kg2 Rd7 20. a4 a5 21. h4 Rad8 22. h5 Nxe4 23. Bxe4 h6 24. Bf3 Bb4 25. Bc3 Bxc3 26. bxc3 Qc5 27. Qe4 Nf6 28. Rxd7 Rxd7 29. Qe2 Qa3 30. Qc4 Qxc1 0-1

[Event "Titled Tuesday intern op 11th Mar Early"]
[Site "Chess.com INT"]
[Date "2025.03.11"]
[Round "5"]
[White "Ter Sahakyan, Samvel"]
[Black "Garayev, Kanan Farzali Oglu"]
[Result "1-0"]
[WhiteElo "2611"]
[BlackElo "2336"]
[PlyCount "107"]
[EventDate "2025.03.11"]
[EventType "swiss (blitz)"]
[EventRounds "11"]
[EventCountry "USA"]
[SourceTitle "CB12_2025"]
[SourceDate "2025.03.19"]
[SourceVersion "1"]
[SourceVersionDate "2025.03.19"]
[SourceQuality "1"]

1. e4 e5 2. Nf3 Nf6 3. Nxe5 d6 4. Nf3 Nxe4 5. d4 d5 6. Bd3 Bd6 7. 0-0 0-0 8. c4 c6 9. Nc3 Nxc3 10. bxc3 dxc4 11. Bxc4 Bf5 12. Bg5 Qa5 13. Nh4 Be6 14. Bxe6 Qxg5 15. Nf3 Qa5 16. Bh3 h6 17. Rb1 b5 18. d5 Rd8 19. Nd4 Be5 20. Nf5 cxd5 21. Qg4 Kh8 22. Rfe1 Bf6 23. Re7 Nc6 24. Rb7 Qxc3 25. Qd1 Ne5 26. R7xb5 d4 27. R5b3 Qc5 28. Rb5 Qc4 29. R5b4 Qc6 30. Rc1 Qe4 31. Ng3 Qd3 32. Qe1 Qg6 33. Bf5 Qg5 34. Be4 d3 35. Rd1 d2 36. Qf1 Rac8 37. f4 Qg4 38. fxe5 Bxe5 39. Kh1 Bxg3 40. hxg3 Qxg3 41. Bf3 Rc5 42. Re4 Rd6 43. Qe2 Kh7 44. Kg1 f5 45. Re7 Qf4 46. Qe3 Qxe3+ 47. Rxe3 Rc1 48. Kf2 Rc2 49. a3 g5 50. g4 fxg4 51. Be4+ Kg7 52. Bxc2 Rd4 53. Re2 Kf6 54. Rexd2 1-0

[Event "Titled Tuesday intern op 25th Feb Early"]
[Site "Chess.com INT"]
[Date "2025.02.25"]
[Round "4"]
[White "Garayev, Kanan Farzali Oglu"]
[Black "Rakhmatullaev, Almas"]
[Result "1-0"]
[WhiteElo "2335"]
[BlackElo "2407"]
[PlyCount "41"]
[EventDate "2025.02.25"]
[EventType "swiss (blitz)"]
[EventRounds "11"]
[EventCountry "USA"]
[SourceTitle "CB10_2025"]
[SourceDate "2025.03.05"]
[SourceVersion "1"]
[SourceVersionDate "2025.03.05"]
[SourceQuality "1"]

1. d4 Nf6 2. c4 e6 3. g3 d5 4. Bg2 a6 5. Nf3 Nc6 6. 0-0 Bd6 7. b3 0-0 8. Nc3 h6 9. Bb2 b6 10. Re1 Bb7 11. e4 Bb4 12. exd5 exd5 13. Ne5 Na5 14. a3 Bxc3 15. Bxc3 dxc4 16. Bxb7 Nxb7 17. bxc4 Re8 18. Qf3 Nd6 19. d5 Nde4 20. Rxe4 Nxe4 21. Qxf7+ 1-0

[Event "Titled Tuesday intern op 25th Feb Early"]
[Site "Chess.com INT"]
[Date "2025.02.25"]
[Round "5"]
[White "Ter Sahakyan, Samvel"]
[Black "Garayev, Kanan Farzali Oglu"]
[Result "0-1"]
[WhiteElo "2611"]
[BlackElo "2335"]
[PlyCount "58"]
[EventDate "2025.02.25"]
[EventType "swiss (blitz)"]
[EventRounds "11"]
[EventCountry "USA"]
[SourceTitle "CB10_2025"]
[SourceDate "2025.03.05"]
[SourceVersion "1"]
[SourceVersionDate "2025.03.05"]
[SourceQuality "1"]

1. e4 c5 2. Nf3 e6 3. d3 Nc6 4. g3 g6 5. Bg2 Bg7 6. 0-0 Nge7 7. c3 0-0 8. d4 cxd4 9. cxd4 d6 10. Nc3 e5 11. d5 Nd4 12. Nxd4 exd4 13. Nb5 Qb6 14. a4 Bd7 15. Na3 Rac8 16. b3 Rc3 17. Nc4 Qxb3 18. Qxb3 Rxb3 19. Nxd6 Nc8 20. Nc4 Rb4 21. Nd2 d3 22. Ba3 Rxa4 23. Bxf8 Bxa1 24. Bh6 Nb6 25. Rb1 Ra2 26. Bf1 Bc3 27. Nb3 d2 28. Nc5 Bg4 29. Bxd2 Rxd2 0-1

[Event "AZE-ch 1st League"]
[Site "Baku"]
[Date "2025.01.07"]
[Round "2"]
[White "Ahmadov, Fariz"]
[Black "Garayev, Kanan Farzali Oglu"]
[Result "1-0"]
[WhiteElo "2224"]
[BlackElo "2340"]
[PlyCount "110"]
[EventDate "2025.01.06"]
[EventType "swiss"]
[EventRounds "9"]
[EventCountry "AZE"]
[SourceTitle "CB03_2025"]
[SourceDate "2025.01.15"]
[SourceVersion "1"]
[SourceVersionDate "2025.01.15"]
[SourceQuality "1"]

1. e4 e5 2. Nf3 Nc6 3. Bc4 Nf6 4. d3 h6 5. 0-0 d6 6. c3 g5 7. Na3 Bg7 8. Nc2 Be6 9. Ne3 Qd7 10. b4 0-0 11. Qc2 Rad8 12. Rb1 Ne7 13. Bb3 Ng6 14. d4 g4 15. Nxe5 dxe5 16. d5 Kh7 17. dxe6 fxe6 18. g3 Qc6 19. Qe2 Nxe4 20. b5 Nxc3 21. Qxg4 Qe8 22. Rb2 e4 23. Qxe6 Qxe6 24. Bxe6 Ne5 25. Kg2 Nd3 26. Rc2 Nxb5 27. Bf5+ Rxf5 28. Nxf5 c5 29. Be3 b6 30. Rc4 Re8 31. a4 Nc7 32. Rb1 Re6 33. h4 a6 34. Bxc5 bxc5 35. Rb7 Ne8 36. a5 Kg8 37. Rb6 Kf7 38. h5 Bf8 39. Rxe6 Kxe6 40. Rxe4+ Kxf5 41. Rxe8 Bg7 42. Rc8 Ke4 43. Rc6 Kd5 44. Rxa6 c4 45. Ra8 Kc6 46. Rc8+ Kb5 47. a6 Bd4 48. Rc7 Bxf2 49. g4 Kxa6 50. Rxc4 Bb6 51. Rc6 Ne5 52. Rxh6 Nxg4 53. Re6 Ne3+ 54. Kf3 Nf5 55. Kg4 Nd4 1-0

[Event "Titled Tuesday intern op 28th May Late"]
[Site "Chess.com INT"]
[Date "2024.05.28"]
[Round "4"]
[White "Bottazzi, Ulysse"]
[Black "Garayev, Kanan Farzali Oglu"]
[Result "0-1"]
[WhiteElo "2270"]
[BlackElo "2329"]
[PlyCount "70"]
[EventDate "2024.05.28"]
[EventType "swiss (blitz)"]
[EventRounds "11"]
[EventCountry "USA"]
[SourceTitle "EXT 2025"]
[Source "ChessBase"]
[SourceDate "2024.10.14"]
[SourceVersion "1"]
[SourceVersionDate "2024.10.14"]
[SourceQuality "1"]

1. d4 Nf6 2. Nf3 g6 3. g3 Bg7 4. c4 0-0 5. Bg2 d6 6. Nc3 Nc6 7. 0-0 a6 8. h3 Rb8 9. e4 b5 10. d5 Na5 11. cxb5 axb5 12. b4 Nc4 13. Nd4 Bd7 14. a4 bxa4 15. b5 e5 16. Nc6 Bxc6 17. bxc6 Ne8 18. Rxa4 Nb6 19. Ra7 f5 20. Na4 Nxa4 21. Qxa4 f4 22. Qd1 Nf6 23. Bd2 fxg3 24. fxg3 Nh5 25. Rxf8+ Bxf8 26. Ba5 Qg5 27. Rb7 Qe3+ 28. Kh1 Nxg3+ 29. Kh2 Ra8 30. Bd2 Qf2 31. Be1 Nf1+ 32. Kh1 Ng3+ 33. Kh2 Nf1+ 34. Kh1 Qf4 35. Qe2 Qh2# 0-1

[Event "Titled Tuesday intern op 28th May Late"]
[Site "Chess.com INT"]
[Date "2024.05.28"]
[Round "3"]
[White "Garayev, Kanan Farzali Oglu"]
[Black "Bortnyk, Olexandr"]
[Result "0-1"]
[WhiteElo "2329"]
[BlackElo "2608"]
[PlyCount "102"]
[EventDate "2024.05.28"]
[EventType "swiss (blitz)"]
[EventRounds "11"]
[EventCountry "USA"]
[SourceTitle "EXT 2025"]
[Source "ChessBase"]
[SourceDate "2024.10.14"]
[SourceVersion "1"]
[SourceVersionDate "2024.10.14"]
[SourceQuality "1"]

1. d4 g6 2. e4 Bg7 3. Nc3 c6 4. Nf3 d6 5. a4 Nd7 6. g3 e5 7. Bg2 Ngf6 8. 0-0 0-0 9. h3 Re8 10. Re1 Qc7 11. Bg5 a5 12. Qd2 exd4 13. Nxd4 Ne5 14. b3 Qb6 15. Be3 Qb4 16. Rad1 Bxh3 17. Bxh3 c5 18. Bg2 cxd4 19. Qxd4 Rac8 20. Qxb4 axb4 21. Nb5 Rxc2 22. Nxd6 Re7 23. Bd4 Nc6 24. Ba1 Ng4 25. Bxg7 Kxg7 26. f4 Na5 27. e5 Nxb3 28. Bxb7 Nf2 29. Be4 Nh3+ 30. Kh1 Nf2+ 31. Kg1 Nxe4 32. Rxe4 Nd2 33. Rxb4 Nf3+ 34. Kf1 Nh2+ 35. Kg1 Nf3+ 36. Kf1 Kh6 37. Rd3 Nh2+ 38. Ke1 Rec7 39. f5 Rg2 40. Rh4+ Kg5 41. Rc4 Re7 42. e6 gxf5 43. Nxf7+ Kf6 44. Rc6 Rb7 45. Kd1 Rb1+ 46. Rc1 Rg1+ 47. Ke2 Rgxc1 48. Nd6 Kxe6 49. Nb5 Rc2+ 50. Ke3 Re1+ 51. Kd4 Re4# 0-1

[Event "Titled Tuesday intern op 28th May Late"]
[Site "Chess.com INT"]
[Date "2024.05.28"]
[Round "7"]
[White "Perez Ponsa, Federico"]
[Black "Garayev, Kanan Farzali Oglu"]
[Result "1-0"]
[WhiteElo "2538"]
[BlackElo "2329"]
[PlyCount "79"]
[EventDate "2024.05.28"]
[EventType "swiss (blitz)"]
[EventRounds "11"]
[EventCountry "USA"]
[SourceTitle "EXT 2025"]
[Source "ChessBase"]
[SourceDate "2024.10.14"]
[SourceVersion "1"]
[SourceVersionDate "2024.10.14"]
[SourceQuality "1"]

1. e4 c5 2. Nf3 d6 3. d4 cxd4 4. Nxd4 Nf6 5. Nc3 g6 6. f3 a6 7. Be3 Bg7 8. Qd2 h5 9. Bc4 b5 10. Bd5 Nxd5 11. Nxd5 Bb7 12. Bg5 Bxd5 13. exd5 Qb6 14. 0-0-0 Bxd4 15. Qxd4 Qxd4 16. Rxd4 Nd7 17. Re1 f6 18. Bf4 Kf7 19. Rde4 Ne5 20. Bg3 g5 21. h4 Rag8 22. Bxe5 fxe5 23. hxg5 Rxg5 24. f4 Rxg2 25. fxe5 Rg4 26. Rf1+ Kg6 27. Re3 Rd8 28. exd6 Rxd6 29. Rxe7 Rxd5 30. Re6+ Kg5 31. Rxa6 h4 32. Ra8 h3 33. Rh8 Rg2 34. Rxh3 Rc5 35. Rc3 Re5 36. a3 Kg4 37. Kb1 Ree2 38. Rc1 Kf4 39. Rc5 Re5 40. Rf1+ 1-0

[Event "Titled Tuesday intern op 09th Jan Late"]
[Site "Chess.com INT"]
[Date "2024.01.09"]
[Round "2"]
[White "Garayev, Kanan Farzali Oglu"]
[Black "Antonio, Jorge Carlos"]
[Result "1-0"]
[WhiteElo "2329"]
[BlackElo "2277"]
[PlyCount "115"]
[EventDate "2024.01.09"]
[EventType "swiss (blitz)"]
[EventRounds "11"]
[EventCountry "USA"]
[SourceTitle "EXT 2025"]
[Source "ChessBase"]
[SourceDate "2024.10.14"]
[SourceVersion "1"]
[SourceVersionDate "2024.10.14"]
[SourceQuality "1"]

1. d4 d5 2. Nf3 c6 3. Bf4 Nf6 4. e3 g6 5. Nbd2 Bg7 6. h3 0-0 7. c4 Bf5 8. Be2 Be4 9. 0-0 Bxf3 10. Nxf3 e6 11. b4 Nbd7 12. b5 cxb5 13. cxb5 Rc8 14. Rc1 Qa5 15. Qb3 Nb6 16. Bd6 Rfd8 17. Bc5 Ne4 18. Bxb6 Qxb6 19. Qb2 Bf8 20. Bd3 Nd6 21. a4 Nc4 22. Bxc4 Rxc4 23. Rxc4 dxc4 24. Rc1 Rc8 25. Ne5 c3 26. Rxc3 Rxc3 27. Qxc3 Qd8 28. g3 Bd6 29. Nd3 Qg5 30. h4 Qg4 31. Qc8+ Kg7 32. Qc3 Bxg3 33. fxg3 Qxg3+ 34. Kf1 Qxe3 35. d5+ Kh6 36. Qc1 Qxc1+ 37. Nxc1 exd5 38. Kg2 Kh5 39. Kg3 f6 40. Ne2 g5 41. hxg5 Kxg5 42. Nd4 f5 43. a5 f4+ 44. Kf3 h5 45. a6 bxa6 46. bxa6 h4 47. Nc6 h3 48. Nxa7 h2 49. Kg2 d4 50. Nc6 d3 51. Ne5 Kf5 52. Nxd3 f3+ 53. Kxh2 Ke4 54. Nf2+ Ke3 55. Kg3 Ke2 56. a7 Kf1 57. a8Q Kg1 58. Qa1# 1-0

[Event "Titled Tuesday intern op 09th Jan Late"]
[Site "Chess.com INT"]
[Date "2024.01.09"]
[Round "4"]
[White "Garayev, Kanan Farzali Oglu"]
[Black "Zarnicki, Pablo Adrian"]
[Result "0-1"]
[WhiteElo "2329"]
[BlackElo "2514"]
[PlyCount "94"]
[EventDate "2024.01.09"]
[EventType "swiss (blitz)"]
[EventRounds "11"]
[EventCountry "USA"]
[SourceTitle "EXT 2025"]
[Source "ChessBase"]
[SourceDate "2024.10.14"]
[SourceVersion "1"]
[SourceVersionDate "2024.10.14"]
[SourceQuality "1"]

1. d4 Nf6 2. g3 g6 3. Bg2 d5 4. Nf3 Bg7 5. 0-0 0-0 6. c4 dxc4 7. Ne5 Ng4 8. Nxg4 Bxg4 9. Bxb7 Nd7 10. Bxa8 Qxa8 11. f3 Bh3 12. Re1 c5 13. Be3 Rd8 14. dxc5 Bxb2 15. Nd2 c3 16. Ne4 Nxc5 17. Qc2 Nxe4 18. Qxe4 Qxe4 19. fxe4 c2 20. Rac1 Bxc1 21. Rxc1 Rc8 22. Bxa7 Ra8 23. Bc5 Rxa2 24. Bxe7 f5 25. e5 Kf7 26. Bg5 Ke6 27. Kf2 Kxe5 28. Ke3 Bg2 29. Bf4+ Kf6 30. h4 Be4 31. Kd2 Ke6 32. Kc3 Kd5 33. Kb3 Ra7 34. Kc3 Rb7 35. Bg5 Ke6 36. Bf4 Kf6 37. Bg5+ Kg7 38. Bf4 h6 39. Be5+ Kh7 40. Kd2 g5 41. hxg5 hxg5 42. Bd4 Kg6 43. Be3 Kh5 44. Ra1 Kg4 45. Rc1 Rd7+ 46. Ke1 Rd5 47. Kf2 Rd1 0-1

[Event "Wch Blitz"]
[Site "Samarkand"]
[Date "2023.12.30"]
[Round "12"]
[White "Pranav, V."]
[Black "Garayev, Kanan Farzali Oglu"]
[Result "0-1"]
[WhiteElo "2611"]
[BlackElo "2356"]
[PlyCount "118"]
[EventDate "2023.12.29"]
[EventType "swiss (blitz)"]
[EventRounds "21"]
[EventCountry "UZB"]
[SourceTitle "CBM 217 Extra"]
[Source "ChessBase"]
[SourceDate "2024.01.31"]
[SourceVersion "1"]
[SourceVersionDate "2024.01.31"]
[SourceQuality "1"]

1. e4 c5 2. Nf3 e6 3. d4 cxd4 4. Nxd4 Nf6 5. Nc3 Nc6 6. Ndb5 Bb4 7. a3 Bxc3+ 8. Nxc3 d5 9. exd5 exd5 10. Bd3 0-0 11. 0-0 Bg4 12. f3 Bh5 13. Bg5 Qb6+ 14. Kh1 Ne4 15. Nxe4 dxe4 16. Bxe4 Qxb2 17. Rb1 Qxa3 18. Rxb7 Qa6 19. Rd7 Bg6 20. Bxg6 hxg6 21. h3 Qb5 22. Rd5 Qc4 23. Re1 Rfe8 24. Rxe8+ Rxe8 25. Rd6 a5 26. Kh2 a4 27. Rd3 Qc5 28. Bf4 Qc4 29. Bd6 Rd8 30. Qd2 Re8 31. Rc3 Qb5 32. Qf4 Re6 33. Rc5 Qa6 34. Rc3 g5 35. Qd2 Nd4 36. Qxd4 Qxd6+ 37. Qxd6 Rxd6 38. Ra3 Ra6 39. Kg3 Kf8 40. Kf2 Ke7 41. Ke3 Ke6 42. Kd4 Kf5 43. g3 Rh6 44. Rxa4 Rxh3 45. g4+ Kf4 46. Ra3 f5 47. gxf5 g4 48. Ra1 gxf3 49. c4 f2 50. c5 Rh8 51. c6 Kf3 52. Ke5 Re8+ 53. Kd6 Re1 54. Ra3+ Kf4 55. Ra4+ Kg5 56. c7 Rc1 57. Ra1 Rxa1 58. c8Q f1Q 59. Qd8+ Kg4 0-1

[Event "Wch Blitz"]
[Site "Samarkand"]
[Date "2023.12.29"]
[Round "6"]
[White "Garayev, Kanan Farzali Oglu"]
[Black "Muradli, Mahammad"]
[Result "0-1"]
[WhiteElo "2356"]
[BlackElo "2550"]
[PlyCount "82"]
[EventDate "2023.12.29"]
[EventType "swiss (blitz)"]
[EventRounds "21"]
[EventCountry "UZB"]
[SourceTitle "CBM 217 Extra"]
[Source "ChessBase"]
[SourceDate "2024.01.31"]
[SourceVersion "1"]
[SourceVersionDate "2024.01.31"]
[SourceQuality "1"]

1. d4 Nf6 2. g3 c5 3. Nf3 cxd4 4. Nxd4 Nc6 5. Bg2 e5 6. Nxc6 bxc6 7. 0-0 Bc5 8. c4 0-0 9. Nc3 h6 10. Na4 Bd4 11. c5 Qe7 12. Qc2 e4 13. Bf4 Be5 14. Bxe5 Qxe5 15. Rac1 Ba6 16. Rfd1 h5 17. b4 h4 18. Nc3 Rfe8 19. Qd2 hxg3 20. hxg3 Qh5 21. Qf4 Bxe2 22. Nxe2 Qxe2 23. Re1 Qxa2 24. Bxe4 Re6 25. Bf5 Rxe1+ 26. Rxe1 a5 27. bxa5 Qxa5 28. Re5 Qc3 29. Kg2 Rf8 30. g4 g6 31. Bb1 Kg7 32. g5 Nd5 33. Qe4 Rh8 34. Kg1 Qxc5 35. Bd3 Rh5 36. Re8 Rxg5+ 37. Kf1 Nf6 38. Qe3 Nxe8 39. Qxe8 Qc1+ 40. Ke2 Qb2+ 41. Kf3 Qf6+ 0-1

[Event "Wch Blitz"]
[Site "Samarkand"]
[Date "2023.12.29"]
[Round "3"]
[White "Ruck, Robert"]
[Black "Garayev, Kanan Farzali Oglu"]
[Result "1-0"]
[WhiteElo "2531"]
[BlackElo "2356"]
[PlyCount "71"]
[EventDate "2023.12.29"]
[EventType "swiss (blitz)"]
[EventRounds "21"]
[EventCountry "UZB"]
[SourceTitle "CBM 217 Extra"]
[Source "ChessBase"]
[SourceDate "2024.01.31"]
[SourceVersion "1"]
[SourceVersionDate "2024.01.31"]
[SourceQuality "1"]

1. Nf3 d5 2. d4 e6 3. c4 c5 4. cxd5 exd5 5. Nc3 Nc6 6. g3 Nf6 7. Bg2 cxd4 8. Nxd4 Bc5 9. Nb3 Bb6 10. 0-0 d4 11. Na4 0-0 12. Bg5 h6 13. Bxf6 Qxf6 14. Qd2 Re8 15. Rfe1 Bg4 16. Nac5 Qe7 17. Rac1 Rac8 18. Nd3 Rcd8 19. Nbc5 Bc8 20. b4 Ne5 21. Nxe5 Qxe5 22. Nxb7 h5 23. Nxd8 Rxd8 24. a4 a5 25. b5 h4 26. Qf4 Qe8 27. Qxh4 Be6 28. Rc6 Rb8 29. Be4 g6 30. Rec1 Bd8 31. Qf4 Be7 32. Bxg6 Bd7 33. Bxf7+ Qxf7 34. Qxb8+ Kg7 35. Qe5+ Kh7 36. Rc7 1-0